Interés jurídico y derecho a la información : comentarios a la sentencia SUP-JDC-1766/2006 del TEPJF /

Análisis de la sentencia emitidas por el Tribunal Electoral del Poder Judicial de la Federación, sobre el caso de impugnación de una elección de dirigente partidistas del PRI en San Luis Potosí.

Kaydedildi:
Detaylı Bibliyografya
Yazar: Bernal Moreno, Jorge Kristian (autor)
Müşterek Yazar: Tribunal Electoral del Poder Judicial de la Federación (presen.)
Diğer Yazarlar: Aguirre Saldívar, Enrique (introducción) (introducción), Nava Gomar, Salvador Olimpo (prólogo) (prólogo)
Materyal Türü: Kitap
Dil:İspanyolca
Baskı/Yayın Bilgisi: México : Tribunal Electoral del Poder Judicial de la Federación, 2008, c2008
Seri Bilgileri:(Comentarios a las Sentencias del Tribunal Electoral del Poder Judicial de la Federación ; 2)
Konular:
Etiketler: Etiketle
Etiket eklenmemiş, İlk siz ekleyin!

MARC

LEADER 00000nam^a2200000^a^4500
001 000317687
005 20250620000000.0
008 120123 20082008
009 20260310113350.612
020 |a 978-970-671-279-0 
037 |a Acervo ITESO - Biblioteca 
041 |a ESP 
082 |a 342. 7207  |b COM V. 2 
100 |a Bernal Moreno, Jorge Kristian  |e (autor) 
245 1 0 |a Interés jurídico y derecho a la información :  |b comentarios a la sentencia SUP-JDC-1766/2006 del TEPJF /  |c J.K. Bernal Moreno ; introd. de E. Aguirre Saldívar ; pról. de S.O. Nava Gomar ; presen. del Tribunal Electoral del Poder Judicial de la Federación. 
264 4 |a México :  |b Tribunal Electoral del Poder Judicial de la Federación,  |c 2008, c2008 
300 |a 112 p. 
336 |a texto  |b txt  |2 rdacontenido 
337 |a sin mediación  |b n  |2 rdamedio 
338 |a volumen  |b nc  |2 rdasoporte 
440 1 |a (Comentarios a las Sentencias del Tribunal Electoral del Poder Judicial de la Federación ;  |v 2) 
520 |a Análisis de la sentencia emitidas por el Tribunal Electoral del Poder Judicial de la Federación, sobre el caso de impugnación de una elección de dirigente partidistas del PRI en San Luis Potosí. 
649 |a XX 
650 |a Dirigentes Partidistas Mexicanos -  |x Tema Principal 
650 |a Dirigentes Partidistas Mexicanos -  |x Condiciones Jurídicas 
650 |a Tribunal Electoral del Poder Judicial de la Federación -  |x Tema Principal 
650 |a Tribunales Electorales -  |z México 
650 |a Partido Revolucionario Institucional -  |x Tema Principal 
650 |a Partidos Políticos -  |z México 
650 |a Derecho a la Información -  |z México 
650 |a Derechos Políticos -  |z México -  |x Tema Principal 
650 |a Derecho Electoral -  |z México -  |x Tema Principal 
650 |a Derecho Político -  |z México 
650 |a Derecho Constitucional -  |z México 
650 |a México -  |x Condiciones Jurídicas 
710 |a Tribunal Electoral del Poder Judicial de la Federación  |e (presen.) 
700 |a Aguirre Saldívar, Enrique  |e (introducción) 
700 |a Nava Gomar, Salvador Olimpo  |e (prólogo) 
910 |a Fondo General 
920 |a Impresos - Libros 
930 |a Colección General 
905 |a 101 
901 |a 0500204813  |b IT1  |c ACC  |d DT  |i D57285  |u 20250620 
902 |a https://opac.biblio.iteso.mx/vufind/Record/000317687